Countries that start and end with A - Statistics

General Stats
  • This quiz has been taken 45 times
  • The average score is 8 of 9
Answer Stats
Countries % Correct
Australia
98%
Armenia
95%
Austria
95%
Angola
93%
Albania
89%
Andorra
84%
Argentina
84%
Algeria
82%
Antigua and Barbuda
80%
No matching quizzes found
Score Distribution
Percent of People with Each Score
Percentile by Number Answered
Your Score History
You have not taken this quiz